An introduction to electrical instrumentation and measurement systems : (Record no. 181028)
[ view plain ]
| 000 -LEADER | |
|---|---|
| fixed length control field | 01027 a2200217 4500 |
| 003 - CONTROL NUMBER IDENTIFIER | |
| control field | Nust |
| 005 - DATE AND TIME OF LATEST TRANSACTION | |
| control field | 20221116120848.0 |
| 010 ## - LIBRARY OF CONGRESS CONTROL NUMBER | |
| LC control number | 80022869 |
| 020 ## - INTERNATIONAL STANDARD BOOK NUMBER | |
| International Standard Book Number | 0333293843 |
| 040 ## - CATALOGING SOURCE | |
| Transcribing agency | Nust |
| 082 00 - DEWEY DECIMAL CLASSIFICATION NUMBER | |
| Classification number | 621.37,GRE |
| 100 1# - MAIN ENTRY--PERSONAL NAME | |
| Personal name | Gregory, B. A. |
| 9 (RLIN) | 102668 |
| 245 13 - TITLE STATEMENT | |
| Title | An introduction to electrical instrumentation and measurement systems : |
| Remainder of title | a guide to the use, selection, and limitations of electrical instruments and measurement systems / |
| Statement of responsibility, etc. | B.A. Gregory. |
| 250 ## - EDITION STATEMENT | |
| Edition statement | 2nd ed. / |
| 260 ## - PUBLICATION, DISTRIBUTION, ETC. | |
| Place of publication, distribution, etc. | New York : |
| Name of publisher, distributor, etc. | Wiley, |
| Date of publication, distribution, etc. | 1981. |
| 300 ## - PHYSICAL DESCRIPTION | |
| Extent | x,, 446 p. : |
| Other physical details | ill. ; |
| Dimensions | 24 cm. |
| 505 ## - FORMATTED CONTENTS NOTE | |
| Formatted contents note | Introduction (Page-1), Analogue Instruments (Page-53), Comparison Methods (Page-146), Digital Instruments (Page-186), Transducers (Page-234), Signal Conditioning (Page-277), Interference and Screening (Page-331), Instrument Selection and Specification Analysis (Page-360), Instrument Systems (Page-379), Problems and Exercises (Page-398). |
| 650 #0 - SUBJECT ADDED ENTRY--TOPICAL TERM | |
| Topical term or geographic name entry element | Electric measurements. |
| 9 (RLIN) | 41286 |
| 650 #0 - SUBJECT ADDED ENTRY--TOPICAL TERM | |
| Topical term or geographic name entry element | Electric meters. |
| 9 (RLIN) | 41367 |
| 942 ## - ADDED ENTRY ELEMENTS (KOHA) | |
| Source of classification or shelving scheme | |
| Koha item type | Book |
| Withdrawn status | Lost status | Source of classification or shelving scheme | Damaged status | Not for loan | Permanent Location | Current Location | Shelving location | Date acquired | Full call number | Barcode | Date last seen | Price effective from | Koha item type | Public note |
|---|---|---|---|---|---|---|---|---|---|---|---|---|---|---|
| Military College of Signals (MCS) | Military College of Signals (MCS) | General Stacks | 12/12/2016 | 621.374,GRE | MCS21304 | 12/08/2016 | 12/12/2016 | Book | Almirah No.30, Shelf No.4 | |||||
| Military College of Signals (MCS) | Military College of Signals (MCS) | General Stacks | 12/12/2016 | 621.374,GRE | MCS5153 | 12/08/2016 | 12/12/2016 | Book | Almirah No.30, Shelf No.4 | |||||
| Military College of Signals (MCS) | Military College of Signals (MCS) | General Stacks | 12/12/2016 | 621.374,GRE | MCS5154 | 12/08/2016 | 12/12/2016 | Book | Almirah No.30, Shelf No.4 | |||||
| Military College of Signals (MCS) | Military College of Signals (MCS) | General Stacks | 12/12/2016 | 621.374,GRE | MCS5155 | 12/08/2016 | 12/12/2016 | Book | Almirah No.30, Shelf No.4 |
